000
00335nam a2200133Ia 4500
008
240624s9999 xx 000 0 und d
041
_a
eng
082
_a
823 BAG
100
_a
BAGCHI SUBROTO
245
_a
MBA AT 16 A TEENAGER S GUIDE TO BUSINESS
260
_c
2012
_a
New Delhi
_b
Penguin India
300
_a
184 : p.
365
_c
RS
_b
25
999
_c
19245
_d
19245